| 000 | 01493nam0a22003611 4500 | ||
|---|---|---|---|
| 001 | RU\NLR\INFOCOMM_116\5000073079 | ||
| 005 | 20250613094342.0 | ||
| 035 | _a(NLR Aleph) 009255521 | ||
| 090 |
_a9011067 _c9011067 |
||
| 100 | _a20100731d1968 |||y0rusy50 ca | ||
| 101 | 0 |
_aeng _drus _dfre |
|
| 102 | _aRU | ||
| 105 | _aa ||||000|y | ||
| 200 | 1 |
_aThe gasification of oil to yield high calorific value gases _fBy F. J. Dent ... D. Sc. ... and D. Hebden ... Ph. D. ... |
|
| 210 |
_a[Μ. _d[1968] |
||
| 215 |
_a24 с. _cил. _d21 см |
||
| 225 | 1 |
_aPaper _fVII World power conference. Москва, 20-24 авг. 1968. Section A-2 _v207 |
|
| 300 | _aБез тит. л. и обл. | ||
| 300 | _aНадзаголовок также на рус. яз.: VII Мировая энергетическая конференция; и на франц. яз.: VII Conférence mondiale de l'énergie | ||
| 300 | _aРезюме на франц. и рус. яз. | ||
| 309 | _aОтпеч. множит. аппаратом | ||
| 606 |
_aНефтяной газ _xВыделение из нефти _2nlr_sh1 |
||
| 606 |
_aЖидкое топливо _xГазификация _2nlr_sh1 |
||
| 686 |
_aТ13-730 _2rubbk |
||
| 686 |
_aТхг606 [Л533.0] _2rubbk |
||
| 700 | 1 |
_aDent _bF. J. _4070 |
|
| 701 | 1 |
_aHebden _bD. _4070 |
|
| 712 | 1 | 2 |
_aWorld power conference _d7 _eMoscow _f1968 _4570 |
| 801 | 1 |
_aRU _bNLR _c20100731 |
|
| 801 | 0 |
_aRU _bNLR _gPSBO |
|
| 852 |
_aNLR _jТ45 Д-4/4 |
||
| 942 | _cBOOK | ||
| 980 | _aNB | ||